Golpe de Estado y aparatos clericales : (Record no. 219)
[ view plain ]
| 000 -LEADER | |
|---|---|
| campo de control de longitud fija | 01340cam a2200373Ia 4500 |
| 001 - NÚMERO DE CONTROL | |
| campo de control | 10275076 |
| 003 - IDENTIFICADOR DE NÚMERO DE CONTROL | |
| campo de control | ZSXCFVBGH |
| 005 - FECHA Y HORA DE LA ÚLTIMA TRANSACCIÓN | |
| campo de control | 20220326193255.0 |
| 008 - DATOS DE LONGITUD FIJA--INFORMACIÓN GENERAL | |
| campo de control de longitud fija | 130102s2012 cr b 000 0 spa d |
| 020 ## - NÚMERO INTERNACIONAL ESTÁNDAR DEL LIBRO | |
| Número Internacional Estándar del Libro | 9968475106 |
| 020 ## - NÚMERO INTERNACIONAL ESTÁNDAR DEL LIBRO | |
| Número Internacional Estándar del Libro | 9789968475105 |
| 035 ## - NÚMERO DE CONTROL DEL SISTEMA | |
| Número de control de sistema | (OCoLC)ocn823178334 |
| 035 ## - NÚMERO DE CONTROL DEL SISTEMA | |
| Número de control de sistema | (OCoLC)823178334 |
| 035 ## - NÚMERO DE CONTROL DEL SISTEMA | |
| Número de control de sistema | (NNC)10275076 |
| 040 ## - FUENTE DE CATALOGACIÓN | |
| Centro catalogador/agencia de origen | CRU |
| Lengua de catalogación | eng |
| Centro/agencia transcriptor | CRU |
| Centro/agencia modificador | CRU |
| -- | OCLCO |
| -- | IXA |
| 043 ## - CÓDIGO DE ÁREA GEOGRÁFICA | |
| Código de área geográfica | ncho--- |
| -- | cl----- |
| 050 #4 - SIGNATURA TOPOGRÁFICA DE LA BIBLIOTECA DEL CONGRESO | |
| Número de clasificación | F1508.3 |
| Número de ítem | .G35 2012 |
| 082 ## - NÚMERO DE LA CLASIFICACIÓN DECIMAL DEWEY | |
| Número de clasificación | 321.097.283 |
| Número de ítem | G168g |
| 100 1# - ENTRADA PRINCIPAL--NOMBRE DE PERSONA | |
| Nombre de persona | Gallardo, Helio, |
| Fechas asociadas al nombre | 1942- |
| 9 (RLIN) | 1013 |
| 245 10 - MENCIÓN DEL TÍTULO | |
| Título | Golpe de Estado y aparatos clericales : |
| Resto del título | América Latina/Honduras / |
| Mención de responsabilidad, etc. | Helio Gallardo. |
| 250 ## - MENCION DE EDICION | |
| Mención de edición | 1. ed. |
| 260 ## - PUBLICACIÓN, DISTRIBUCIÓN, ETC. | |
| Lugar de publicación, distribución, etc. | [San José, Costa Rica] : |
| Nombre del editor, distribuidor, etc. | Editorial Arlekín, |
| Fecha de publicación, distribución, etc. | 2012. |
| 300 ## - DESCRIPCIÓN FÍSICA | |
| Extensión | 168 p. ; |
| Dimensiones | 21 cm. |
| Otras características físicas | ill |
| 504 ## - NOTA DE BIBLIOGRAFÍA, ETC. | |
| Nota de bibliografía, etc. | Includes bibliographical references (p. 168). |
| 650 #0 - PUNTO DE ACCESO ADICIONAL DE MATERIA--TÉRMINO DE MATERIA | |
| Término de materia o nombre geográfico como elemento de entrada | Coups d'état |
| Subdivisión geográfica | Honduras |
| Subdivisión general | History |
| Subdivisión cronológica | 20th century. |
| 9 (RLIN) | 1014 |
| 650 #0 - PUNTO DE ACCESO ADICIONAL DE MATERIA--TÉRMINO DE MATERIA | |
| Término de materia o nombre geográfico como elemento de entrada | politica |
| Subdivisión geográfica | Honduras |
| Subdivisión general | Golpe de Estado |
| -- | Lucha Social |
| -- | conflicto armado |
| -- | clero |
| 9 (RLIN) | 1015 |
| 650 #0 - PUNTO DE ACCESO ADICIONAL DE MATERIA--TÉRMINO DE MATERIA | |
| Término de materia o nombre geográfico como elemento de entrada | Church and state |
| Subdivisión geográfica | Honduras. |
| 9 (RLIN) | 1016 |
| 651 #0 - PUNTO DE ACCESO ADICIONAL DE MATERIA--NOMBRE GEOGRÁFICO | |
| Nombre geográfico | Honduras |
| Subdivisión general | History |
| Subdivisión cronológica | Coup d'état, 2009. |
| 9 (RLIN) | 1017 |
| 651 #0 - PUNTO DE ACCESO ADICIONAL DE MATERIA--NOMBRE GEOGRÁFICO | |
| Nombre geográfico | Honduras |
| Subdivisión general | Politics and government |
| Subdivisión cronológica | 1982- |
| 9 (RLIN) | 1018 |
| 651 #0 - PUNTO DE ACCESO ADICIONAL DE MATERIA--NOMBRE GEOGRÁFICO | |
| Nombre geográfico | Honduras |
| Subdivisión general | Relations |
| Subdivisión geográfica | Latin America. |
| 9 (RLIN) | 1019 |
| 651 #0 - PUNTO DE ACCESO ADICIONAL DE MATERIA--NOMBRE GEOGRÁFICO | |
| Nombre geográfico | Latin America |
| Subdivisión general | Relations |
| Subdivisión geográfica | Honduras. |
| 9 (RLIN) | 1020 |
| 948 1# - PROCESAMIENTO DE INFORMACIÓN LOCAL (OCLC); DESIGNADOR DE PARTE DE LA SERIE (RLIN) | |
| Designador de la parte de la serie, SPT (RLIN) | 20130508 |
| b (OCLC) | c |
| c (OCLC) | sds12 |
| d (OCLC) | MPS |
| Estatus retirado | Estado de pérdida | Fuente del sistema de clasificación o colocación | Estado de daño | No para préstamo | Biblioteca de origen | Biblioteca actual | Ubicación en estantería | Fecha de adquisición | Total de préstamos | Signatura topográfica completa | Código de barras | Visto por última vez | Precio de reemplazo | Tipo de ítem Koha |
|---|---|---|---|---|---|---|---|---|---|---|---|---|---|---|
| Clasificación Decimal Dewey | Biblioteca LadoV | Biblioteca LadoV | 13/06/2014 | 321.097.283 G168g | 000209 | 13/06/2014 | 13/06/2014 | Material 01 |
